DTPA-extractable micronutrients in rubber growing soils of North East India (Record no. 57412)

MARC details
000 -LEADER
fixed length control field 00667nam a2200181Ia 4500
100 ## - MAIN ENTRY--AUTHOR NAME
Personal name Choudhury M
245 #0 - TITLE STATEMENT
Title DTPA-extractable micronutrients in rubber growing soils of North East India
260 ## - PUBLICATION, DISTRIBUTION, ETC. (IMPRINT)
Name of publisher IRC 2012. International Rubber Conference, 28-31 October 2012, Kovalam, India, Rubber Research Institute of India, Kottayam and IRRDB, Malaysia, Abstracts, pp.137-138.
650 ## - SUBJECT ADDED ENTRY--TOPICAL TERM
Topical Term DTPA extractable micronutrients
650 ## - SUBJECT ADDED ENTRY--TOPICAL TERM
Topical Term North-East
650 ## - SUBJECT ADDED ENTRY--TOPICAL TERM
Topical Term Physico-chemical properties
650 ## - SUBJECT ADDED ENTRY--TOPICAL TERM
Topical Term Rubber growing soils
700 ## - ADDED ENTRY--PERSONAL NAME
Personal name Barua N.G
700 ## - ADDED ENTRY--PERSONAL NAME
Personal name Borah D.K
700 ## - ADDED ENTRY--PERSONAL NAME
Personal name Patgiri D.K
942 ## - ADDED ENTRY ELEMENTS (KOHA)
Koha item type Journals
Holdings
Withdrawn status Lost status Damaged status Not for loan Home library Current library Shelving location Date acquired Koha item type
      Journals RRII Library RRII Library Crop management 07/05/2013 Journals